Địa lí tự nhiên các châu

Saved in:
Bibliographic Details
Format: Book
Language:Undetermined
Published: Hà Nội Giáo Dục 1976
Subjects:
Tags: Add Tag
No Tags, Be the first to tag this record!
Institutions: Trung tâm Học liệu Trường Đại học Cần Thơ
LEADER 00506nam a2200169Ia 4500
001 CTU_10257
008 210402s9999 xx 000 0 und d
082 |a 910 
082 |b T406 
245 0 |a Địa lí tự nhiên các châu 
260 |a Hà Nội 
260 |b Giáo Dục 
260 |c 1976 
650 |a continents 
904 |i Minh, 961007 
910 |a Mỹ Xuyên đã sửa số PL 912.19 thành 910, chưa in nhãn 
980 |a Trung tâm Học liệu Trường Đại học Cần Thơ